Li Po and Tu Fu (Record no. 67)
[ view plain ]
| 000 -LEADER | |
|---|---|
| fixed length control field | 01006 am a2200325 x 4500 |
| 001 - CONTROL NUMBER | |
| control field | 2122021 |
| 003 - CONTROL NUMBER IDENTIFIER | |
| control field | OSt |
| 005 - DATE AND TIME OF LATEST TRANSACTION | |
| control field | 20200421093818.0 |
| 008 - FIXED-LENGTH DATA ELEMENTS--GENERAL INFORMATION | |
| fixed length control field | 730522s1973 enkg w 0011p eng b |
| 015 ## - NATIONAL BIBLIOGRAPHY NUMBER | |
| National bibliography number | B7312628 |
| 020 ## - INTERNATIONAL STANDARD BOOK NUMBER | |
| International Standard Book Number | 0140442723 |
| 040 ## - CATALOGING SOURCE | |
| Transcribing agency | xxx |
| 041 00 - LANGUAGE CODE | |
| Language code of text/sound track or separate title | eng |
| Language code of summary or abstract | chi |
| 082 00 - DEWEY DECIMAL CLASSIFICATION NUMBER | |
| Classification number | 895.1/1/308 |
| Edition information | 18 |
| 100 10 - MAIN ENTRY--PERSONAL NAME | |
| Personal name | Cooper, Arthur, |
| Dates associated with a name | 1916-1988. |
| 9 (RLIN) | 41 |
| 245 00 - TITLE STATEMENT | |
| Title | Li Po and Tu Fu |
| Remainder of title | poems |
| Statement of responsibility, etc. | selected and translated with an introduction and notes by Arthur Cooper |
| -- | Chinese calligraphy by Shui Chien-tung |
| 260 ## - PUBLICATION, DISTRIBUTION, ETC. | |
| Place of publication, distribution, etc. | Harmondsworth |
| Name of publisher, distributor, etc. | Penguin |
| Date of publication, distribution, etc. | 1973 |
| 300 ## - PHYSICAL DESCRIPTION | |
| Extent | 249p |
| Dimensions | 19cm |
| Accompanying material | pbk |
| 350 00 - PRICE (NR) (BK AM CF MU VM SE) [OBSOLETE] | |
| Price | £0.40 |
| 440 00 - SERIES STATEMENT/ADDED ENTRY--TITLE | |
| Title | Penguin classics |
| 500 ## - GENERAL NOTE | |
| General note | Some of the poems in parallel Chinese text and English translation |
| 504 00 - BIBLIOGRAPHY, ETC. NOTE | |
| Bibliography, etc. note | Includes index |
| 650 #0 - SUBJECT ADDED ENTRY--TOPICAL TERM | |
| Topical term or geographic name entry element | Chinese poetry |
| General subdivision | Translations into English. |
| 9 (RLIN) | 700 |
| 650 #0 - SUBJECT ADDED ENTRY--TOPICAL TERM | |
| Topical term or geographic name entry element | English poetry |
| General subdivision | Translations from Chinese. |
| 9 (RLIN) | 701 |
| 700 01 - ADDED ENTRY--PERSONAL NAME | |
| Personal name | Li Po. |
| 9 (RLIN) | 43 |
| 700 01 - ADDED ENTRY--PERSONAL NAME | |
| Personal name | Tu Fu |
| 9 (RLIN) | 44 |
| 942 ## - ADDED ENTRY ELEMENTS (KOHA) | |
| Source of classification or shelving scheme | Dewey Decimal Classification |
| Koha item type | Books |
| 956 ## - LOCAL ELECTRONIC LOCATION AND ACCESS (OCLC) | |
| Host name | NLS |
| Withdrawn status | Lost status | Damaged status | Not for loan | Collection | Home library | Current library | Shelving location | Date acquired | Barcode | Date last seen | Price effective from | Koha item type |
|---|---|---|---|---|---|---|---|---|---|---|---|---|
| Reference | Fairview | Fairview | General stacks | 09/04/2014 | 39999000002713 | 09/04/2014 | 09/04/2014 | Books | ||||
| Reference | Fairview | Fairview | General stacks | 09/04/2014 | 39999000002737 | 09/04/2014 | 09/04/2014 | Books |